Palau Güell : el Gaudí meno conosciuto = Der unbekannteste Gaudí = [el Gaudí més desconegut] (en rus) = [el Gaudí més desconegut] (en japonès) el Gaudí meno conosciuto = Der unbekannteste Gaudí = [el Gaudí més desconegut] (en rus) = [el Gaudí més desconegut] (en japonès)
Descripción Física:
1 f. plegat en 3 parts ; 21 cm
Materias:
Palau Güell (Barcelona) -- Guies
MARC
| LEADER | 00000nam a2200000Ia 4500 | ||
|---|---|---|---|
| 001 | 24122 | ||
| 008 | 160829s2014 xx 000 0 cat d | ||
| 080 | |a FU-64-66 | ||
| 245 | |a Palau Güell : |b el Gaudí meno conosciuto = Der unbekannteste Gaudí = [el Gaudí més desconegut] (en rus) = [el Gaudí més desconegut] (en japonès) | ||
| 260 | |a Barcelona : |b Diputació de Barcelona, |c 2014 | ||
| 300 | |a 1 f. plegat en 3 parts ; |c 21 cm | ||
| 590 | |a Text en diversos idiomes (italià, alemany, rus i japonès). Hi ha un altre exemplar en diversos idiomes (català, castellà, anglès i francès) amb R. 24122 | ||
| 610 | 2 | 0 | |a Palau Güell (Barcelona) |v Guies |9 52892 |
| 710 | 1 | |a Barcelona (Catalunya : Província). |b Diputació |9 52408 | |
| 856 | |u www.palauguell.cat | ||
| 901 | |a Arxiu | ||
| 942 | |n 1 | ||
| 952 | |0 0 |1 0 |4 0 |6 FU6466 |7 1 |9 55846 |a Arxiu |b Arxiu |d 2016-12-01 |l 0 |o FU-64-66 |p 24122 |r 2016-12-01 00:00:00 |w 2016-12-01 |y ARXIU | ||
| 999 | |c 59719 |d 59719 | ||